Jazyk nemecký odborné texty pre FNH

Salvato in:
Dettagli Bibliografici
Autore principale: Svitková, Mária
Natura: Libro
Lingua:slovacco
Pubblicazione: Bratislava Vysoká škola ekonomická 1984
Tags: Aggiungi Tag
Nessun Tag, puoi essere il primo ad aggiungerne!!

MARC

LEADER 00000nam a2200000 4500
001 c112325
005 20230116103338.7
041 0 |a slo 
044 |a SK 
245 1 0 |a Jazyk nemecký  |b odborné texty pre FNH  |c Mária Svitková 
264 1 |a Bratislava  |b Vysoká škola ekonomická  |c 1984 
300 |a 123 s. 
100 1 |a Svitková, Mária